Otoritaryen kişilik üstüne : (Record no. 200421254)
[ view plain ]
| 000 -LEADER | |
|---|---|
| fixed length control field | 00897 a2200301 4500 |
| 001 - CONTROL NUMBER | |
| control field | 200421254 |
| 003 - CONTROL NUMBER IDENTIFIER | |
| control field | TR-AnTOB |
| 005 - DATE AND TIME OF LATEST TRANSACTION | |
| control field | 20240530141841.0 |
| 008 - FIXED-LENGTH DATA ELEMENTS--GENERAL INFORMATION | |
| fixed length control field | 150205e2011 tu 000 0 |
| 020 ## - INTERNATIONAL STANDARD BOOK NUMBER | |
| International Standard Book Number | 9789754689891 |
| 040 ## - CATALOGING SOURCE | |
| Original cataloging agency | TR-AnTOB |
| Language of cataloging | eng |
| Description conventions | rda |
| 041 ## - LANGUAGE CODE | |
| Language code of text/sound track or separate title | Türkçe |
| 050 ## - LIBRARY OF CONGRESS CALL NUMBER | |
| Classification number | BF323.D6 |
| Item number | A3619 2011 |
| 090 ## - LOCALLY ASSIGNED LC-TYPE CALL NUMBER (OCLC); LOCAL CALL NUMBER (RLIN) | |
| Classification number (OCLC) (R) ; Classification number, CALL (RLIN) (NR) | BF323.D6 A3619 2011 |
| 100 1# - MAIN ENTRY--PERSONAL NAME | |
| Personal name | Adorno, Theodor W., |
| Dates associated with a name | 1903-1969 |
| 9 (RLIN) | 103409 |
| 245 10 - TITLE STATEMENT | |
| Title | Otoritaryen kişilik üstüne : |
| Remainder of title | niteliksel ideoloji incelemeleri / |
| Statement of responsibility, etc. | T.W. Adorno ; Türkçesi D. Şahiner. |
| 246 #0 - VARYING FORM OF TITLE | |
| Title proper/short title | Niteliksel ideoloji incelemeleri. |
| 264 #1 - PRODUCTION, PUBLICATION, DISTRIBUTION, MANUFACTURE, AND COPYRIGHT NOTICE | |
| Place of production, publication, distribution, manufacture | İstanbul : |
| Name of producer, publisher, distributor, manufacturer | Say, |
| Date of production, publication, distribution, manufacture, or copyright notice | 2011. |
| 300 ## - PHYSICAL DESCRIPTION | |
| Extent | 336 pages ; |
| Dimensions | 21 cm. |
| 336 ## - CONTENT TYPE | |
| Content type term | text |
| Source | rdacontent |
| 337 ## - MEDIA TYPE | |
| Media type term | unmediated |
| Source | rdamedia |
| 338 ## - CARRIER TYPE | |
| Carrier type term | volume |
| Source | rdacarrier |
| 650 #0 - SUBJECT ADDED ENTRY--TOPICAL TERM | |
| 9 (RLIN) | 103994 |
| Topical term or geographic name entry element | Prejudices |
| 9 (RLIN) | 103995 |
| Topical term or geographic name entry element | Önyargılar |
| 700 1# - ADDED ENTRY--PERSONAL NAME | |
| Personal name | Şahiner, M. Doğan |
| 9 (RLIN) | 103993 |
| 942 ## - ADDED ENTRY ELEMENTS (KOHA) | |
| Koha item type | Book |
| Withdrawn status | Lost status | Source of classification or shelving scheme | Not for loan | Collection code | Home library | Current library | Shelving location | Date acquired | Source of acquisition | Cost, normal purchase price | Serial Enumeration / chronology | Inventory number | Total Checkouts | Total Holds | Full call number | Barcode | Date last seen | Date last checked out | Copy number | Cost, replacement price | Date shelved | Koha item type |
|---|---|---|---|---|---|---|---|---|---|---|---|---|---|---|---|---|---|---|---|---|---|---|
| Ödünç Verilebilir / Available | Genel Koleksiyon | Merkez Kütüphane | Merkez Kütüphane | Genel Koleksiyon / Main Collection | 05/02/2015 | Satın Alma / Purchase | 0.00 | 1 | PSİ | 2 | BF323.D6 A3619 2011 | 0046671 | 28/01/2019 | 23/01/2019 | 1 | 14.50 | 13/01/2015 | Book |
